[Event "Kuna Arandu"]
[Site "Luque"]
[Date "2012.06.05"]
[Round "1"]
[White "Delgado Ramirez, Neuris"]
[Black "Vera Gonzalez Quevedo, Reynaldo"]
[Result "1/2-1/2"]
[WhiteElo "2591"]
[BlackElo "2489"]
[PlyCount "97"]
[EventDate "2012.06.05"]
[EventType "tourn"]
[EventRounds "9"]
[EventCountry "PAR"]
[EventCategory "7"]
[SourceTitle "CBM 148 Extra"]
[Source "ChessBase"]
[SourceDate "2012.06.22"]
[SourceVersion "1"]
[SourceVersionDate "2012.06.22"]
[SourceQuality "1"]

1. e4 c5 2. Ne2 Nc6 3. d4 cxd4 4. Nxd4 Qb6 5. Nb3 Nf6 6. Nc3 e6 7. Bd3 Be7 8.
O-O O-O 9. Kh1 d6 10. f4 Qc7 11. Qf3 a6 12. Bd2 b5 13. Rae1 b4 14. Ne2 a5 15.
Qg3 d5 16. e5 Ne4 17. Qh3 Ba6 18. Be3 a4 19. Nd2 Bxd3 20. cxd3 Nxd2 21. Bxd2 g6
22. g4 Rfe8 23. d4 f5 24. exf6 Bxf6 25. Qd3 Qb6 26. f5 exf5 27. gxf5 g5 28.
Bxg5 Bxg5 29. Qg3 h6 30. h4 Qd8 31. f6 Kf7 32. Qg4 Rg8 33. Qh5+ Rg6 34. hxg5
Qh8 35. Kg2 hxg5 36. Qf3 Rd8 37. Rc1 g4 38. Qg3 Qh3+ 39. Kg1 Qxg3+ 40. Nxg3
Nxd4 41. Rc7+ Kf8 42. Kg2 Rh6 43. Rb7 Rc8 44. Nf5 Nxf5 45. Rxf5 Rh3 46. Rf2 b3
47. axb3 axb3 48. f7 Rf3 49. Rxf3 1/2-1/2

[Event "Kuna Arandu"]
[Site "Luque"]
[Date "2012.06.06"]
[Round "2"]
[White "Bachmann, Axel"]
[Black "Delgado Ramirez, Neuris"]
[Result "1/2-1/2"]
[WhiteElo "2566"]
[BlackElo "2591"]
[PlyCount "108"]
[EventDate "2012.06.05"]
[EventType "tourn"]
[EventRounds "9"]
[EventCountry "PAR"]
[EventCategory "7"]
[SourceTitle "CBM 148 Extra"]
[Source "ChessBase"]
[SourceDate "2012.06.22"]
[SourceVersion "1"]
[SourceVersionDate "2012.06.22"]
[SourceQuality "1"]

1. e4 c5 2. Nf3 d6 3. d4 cxd4 4. Nxd4 Nf6 5. Nc3 a6 6. f4 g6 7. Bd3 Bg7 8. a4
Nc6 9. Nf3 Qb6 10. Qe2 O-O 11. Rb1 Bg4 12. Be3 Qa5 13. O-O Nd7 14. Qe1 Bxf3 15.
Rxf3 e6 16. Rh3 Qd8 17. Ne2 f5 18. exf5 gxf5 19. b4 Nf6 20. b5 axb5 21. axb5
Nb8 22. Nd4 Re8 23. Bf2 Qc8 24. Re3 Kf7 25. h3 Ra4 26. c4 Ra2 27. Nf3 h6 28.
Rd1 Qc7 29. c5 Qxc5 30. Rc1 Qb6 31. Rxe6 Rxf2 32. Rxf6+ Bxf6 33. Qxf2 Nd7 34.
Qxb6 Nxb6 35. Rc7+ Re7 36. Rxe7+ Kxe7 37. Bxf5 Nd5 38. g3 Kd8 39. Kf2 Kc7 40.
Be4 Nc3 41. Bd3 Kb6 42. g4 Nxb5 43. g5 Bg7 44. h4 Nc7 45. f5 hxg5 46. hxg5 Ne8
47. Bc4 Kc6 48. Bf7 Kd7 49. Nd2 Ke7 50. Bd5 Bf6 51. gxf6+ Kxf6 52. Ne4+ Kxf5
53. Nxd6+ Nxd6 54. Bxb7 Nxb7 1/2-1/2

[Event "Kuna Arandu"]
[Site "Luque"]
[Date "2012.06.07"]
[Round "3"]
[White "Delgado Ramirez, Neuris"]
[Black "Lujan, Carolina"]
[Result "1/2-1/2"]
[WhiteElo "2591"]
[BlackElo "2367"]
[PlyCount "81"]
[EventDate "2012.06.05"]
[EventType "tourn"]
[EventRounds "9"]
[EventCountry "PAR"]
[EventCategory "7"]
[SourceTitle "CBM 148 Extra"]
[Source "ChessBase"]
[SourceDate "2012.06.22"]
[SourceVersion "1"]
[SourceVersionDate "2012.06.22"]
[SourceQuality "1"]

1. d4 Nf6 2. Bg5 Ne4 3. h4 d5 4. Nd2 Nd6 5. e3 h6 6. Bf4 e6 7. Bd3 Nd7 8. Ngf3
c5 9. c3 a6 10. Ne5 Nxe5 11. dxe5 Nf5 12. h5 Bd7 13. e4 Ne7 14. O-O Nc6 15. Qf3
d4 16. a4 Rb8 17. Qe2 Be7 18. Qg4 Bg5 19. Nc4 O-O 20. a5 Bxf4 21. Qxf4 Qc7 22.
Qh2 f6 23. exf6 Qxh2+ 24. Kxh2 gxf6 25. Nb6 Rbd8 26. Bc4 Kf7 27. f4 Ke7 28.
Rfb1 Rg8 29. b4 Rg4 30. g3 dxc3 31. bxc5 c2 32. Rc1 Nd4 33. Ra3 Bc6 34. Re3 Bb5
35. Kh3 Rg7 36. Kh2 Bxc4 37. Nxc4 Rc8 38. Rd3 e5 39. fxe5 fxe5 40. Nxe5 Rxc5
41. Rxd4 1/2-1/2

[Event "Kuna Arandu"]
[Site "Luque"]
[Date "2012.06.08"]
[Round "4"]
[White "Delgado Ramirez, Neuris"]
[Black "Cubas, Jose Fernando"]
[Result "0-1"]
[WhiteElo "2591"]
[BlackElo "2534"]
[PlyCount "62"]
[EventDate "2012.06.05"]
[EventType "tourn"]
[EventRounds "9"]
[EventCountry "PAR"]
[EventCategory "7"]
[SourceTitle "CBM 148 Extra"]
[Source "ChessBase"]
[SourceDate "2012.06.22"]
[SourceVersion "1"]
[SourceVersionDate "2012.06.22"]
[SourceQuality "1"]

1. c4 Nf6 2. Nc3 e5 3. Nf3 Nc6 4. e4 Bb4 5. d3 d6 6. Be2 h6 7. O-O a5 8. Na4
Bg4 9. Be3 Qe7 10. Nh4 Bd7 11. Nf5 Bxf5 12. exf5 O-O 13. Bf3 Rfd8 14. Bxc6 bxc6
15. d4 exd4 16. Qxd4 Rab8 17. Rad1 Re8 18. h3 Bc5 19. Nxc5 dxc5 20. Qc3 Ne4 21.
Qc2 Qe5 22. b3 a4 23. Rfe1 axb3 24. axb3 Qxf5 25. Bxc5 Re6 26. Bd4 Rbe8 27. Re3
Rd8 28. Rf3 Qg6 29. Be3 Red6 30. Rxd6 Rxd6 31. Rf4 Ng3 0-1

[Event "Kuna Arandu"]
[Site "Luque"]
[Date "2012.06.10"]
[Round "5"]
[White "Zambrana, Oswaldo"]
[Black "Delgado Ramirez, Neuris"]
[Result "1-0"]
[WhiteElo "2467"]
[BlackElo "2591"]
[PlyCount "87"]
[EventDate "2012.06.05"]
[EventType "tourn"]
[EventRounds "9"]
[EventCountry "PAR"]
[EventCategory "7"]
[SourceTitle "CBM 148 Extra"]
[Source "ChessBase"]
[SourceDate "2012.06.22"]
[SourceVersion "1"]
[SourceVersionDate "2012.06.22"]
[SourceQuality "1"]

1. e4 c5 2. Nf3 d6 3. d4 cxd4 4. Nxd4 Nf6 5. Nc3 Nc6 6. Bg5 e6 7. Qd2 a6 8.
O-O-O h6 9. Nxc6 bxc6 10. Bf4 d5 11. Qe3 Be7 12. Be2 O-O 13. h4 Nh7 14. g4 Bxh4
15. Kb1 g5 16. Bg3 Bxg3 17. Qxg3 Qf6 18. Rh5 Qf4 19. Qh3 Nf6 20. Rxh6 Kg7 21.
Rh1 Rg8 22. Qd3 dxe4 23. Qc4 e5 24. Rxf6 Qxf6 25. Nxe4 Qe7 26. Qxc6 Be6 27. Ng3
Rh8 28. Nh5+ Rxh5 29. Rxh5 Rd8 30. b3 a5 31. Qe4 Qf6 32. Qe3 Qf4 33. Rxg5+ Kf6
34. Qxf4+ exf4 35. Rxa5 Rd2 36. g5+ Ke7 37. Re5 f3 38. Bxf3 Rxf2 39. Re3 Kd6
40. Kb2 Rf1 41. Rd3+ Kc5 42. a3 Rg1 43. b4+ Kb5 44. Rd6 1-0

[Event "Kuna Arandu"]
[Site "Luque"]
[Date "2012.06.11"]
[Round "6"]
[White "Delgado Ramirez, Neuris"]
[Black "Soppe, Guillermo"]
[Result "1/2-1/2"]
[WhiteElo "2591"]
[BlackElo "2423"]
[PlyCount "149"]
[EventDate "2012.06.05"]
[EventType "tourn"]
[EventRounds "9"]
[EventCountry "PAR"]
[EventCategory "7"]
[SourceTitle "CBM 148 Extra"]
[Source "ChessBase"]
[SourceDate "2012.06.22"]
[SourceVersion "1"]
[SourceVersionDate "2012.06.22"]
[SourceQuality "1"]

1. e4 c6 2. d4 d5 3. e5 Bf5 4. Nf3 e6 5. Be2 Nd7 6. O-O h6 7. Nbd2 Ne7 8. Nb3
Nc8 9. a4 Be7 10. a5 O-O 11. c4 dxc4 12. Nbd2 b5 13. axb6 Ncxb6 14. Nxc4 Nxc4
15. Bxc4 Nb6 16. Bd3 Bxd3 17. Qxd3 c5 18. Rd1 c4 19. Qe4 Qd5 20. Qg4 Kh8 21.
Re1 a5 22. Bf4 Qd7 23. Qh3 Kh7 24. Re4 Nd5 25. Bd2 Rab8 26. Rg4 Rg8 27. Ng5+
Bxg5 28. Bxg5 Ne7 29. Qc3 Nf5 30. Be3 Qb5 31. d5 Qxd5 32. Rxc4 Nxe3 33. fxe3
Rxb2 34. Qxb2 Qxc4 35. Rxa5 Qe4 36. Qf2 Rc8 37. Ra1 Qxe5 38. Rf1 f5 39. h3 Rc4
40. Rd1 Re4 41. Rd3 Rb4 42. Rd1 Rb3 43. Re1 Qe4 44. Qf4 Qc2 45. Qf2 Qd3 46. Qf1
Qxf1+ 47. Kxf1 Rb2 48. Ra1 Kg6 49. Ra4 Kf6 50. h4 Rd2 51. Ra7 Rc2 52. Ra5 Rc4
53. g3 Rc2 54. Rb5 Ra2 55. Rc5 Rd2 56. Ra5 g5 57. hxg5+ Kxg5 58. e4 Kg4 59.
exf5 exf5 60. Ra3 h5 61. Rb3 Rh2 62. Rb5 Rc2 63. Rb3 Ra2 64. Kg1 Re2 65. Kf1
Rh2 66. Rb5 Ra2 67. Rb3 h4 68. gxh4 Kxh4 69. Rc3 Kg4 70. Rb3 f4 71. Rc3 Rd2 72.
Ra3 Kf5 73. Ra5+ Ke4 74. Ra4+ Rd4 75. Rxd4+ 1/2-1/2

[Event "Kuna Arandu"]
[Site "Luque"]
[Date "2012.06.11"]
[Round "7"]
[White "Sanchez Castillo, Sarai Carolina"]
[Black "Delgado Ramirez, Neuris"]
[Result "0-1"]
[WhiteElo "2234"]
[BlackElo "2591"]
[PlyCount "68"]
[EventDate "2012.06.05"]
[EventType "tourn"]
[EventRounds "9"]
[EventCountry "PAR"]
[EventCategory "7"]
[SourceTitle "CBM 148 Extra"]
[Source "ChessBase"]
[SourceDate "2012.06.22"]
[SourceVersion "1"]
[SourceVersionDate "2012.06.22"]
[SourceQuality "1"]

1. e4 c5 2. Nf3 d6 3. Nc3 Nc6 4. d4 cxd4 5. Nxd4 Nf6 6. Bg5 Qa5 7. Bxf6 gxf6 8.
Nb3 Qg5 9. Nd5 Rb8 10. Nc7+ Kd8 11. Nd5 f5 12. f4 Qh6 13. Qd2 fxe4 14. Bb5 e3
15. Nxe3 Qxf4 16. O-O-O Bh6 17. Rhe1 Qb4 18. Qd5 Be6 19. Qh5 Bf4 20. Kb1 Bxe3
21. Bxc6 bxc6 22. Rxe3 Rb5 23. Re5 Qg4 24. Rxb5 cxb5 25. Qxg4 Bxg4 26. Rf1 f6
27. Rf2 Rg8 28. Nd4 Bd7 29. c3 e5 30. Nc2 f5 31. g3 f4 32. Rf3 Bc6 33. Rd3 Ke7
34. Kc1 Be4 0-1

[Event "Kuna Arandu"]
[Site "Luque"]
[Date "2012.06.12"]
[Round "8"]
[White "Delgado Ramirez, Neuris"]
[Black "Villalba, Marcelo"]
[Result "1-0"]
[WhiteElo "2591"]
[BlackElo "2233"]
[PlyCount "53"]
[EventDate "2012.06.05"]
[EventType "tourn"]
[EventRounds "9"]
[EventCountry "PAR"]
[EventCategory "7"]
[SourceTitle "CBM 148 Extra"]
[Source "ChessBase"]
[SourceDate "2012.06.22"]
[SourceVersion "1"]
[SourceVersionDate "2012.06.22"]
[SourceQuality "1"]

1. e4 e5 2. Nf3 Nc6 3. Nc3 Nf6 4. Bb5 Bb4 5. O-O O-O 6. d3 d6 7. Bxc6 bxc6 8.
Ne2 Bg4 9. Bd2 Bxd2 10. Nxd2 Bxe2 11. Qxe2 Nd7 12. f4 exf4 13. Rxf4 Qe7 14.
Raf1 Rab8 15. b3 c5 16. Nc4 g6 17. Ne3 c6 18. Qg4 Kh8 19. Qg3 Rbe8 20. Ng4 h5
21. Nh6 Ne5 22. Rf6 Kh7 23. Qg5 Qd7 24. Nf5 Kg8 25. Qh6 gxf5 26. R1xf5 Re6 27.
Rg5+ 1-0

[Event "Kuna Arandu"]
[Site "Luque"]
[Date "2012.06.13"]
[Round "9"]
[White "Latorre Lopez Moreira, Luis Matias"]
[Black "Delgado Ramirez, Neuris"]
[Result "1/2-1/2"]
[WhiteElo "2235"]
[BlackElo "2591"]
[PlyCount "30"]
[EventDate "2012.06.05"]
[EventType "tourn"]
[EventRounds "9"]
[EventCountry "PAR"]
[EventCategory "7"]
[SourceTitle "CBM 148 Extra"]
[Source "ChessBase"]
[SourceDate "2012.06.22"]
[SourceVersion "1"]
[SourceVersionDate "2012.06.22"]
[SourceQuality "1"]

1. g3 d5 2. Bg2 Nf6 3. c4 e6 4. Nf3 Be7 5. O-O O-O 6. d4 dxc4 7. Qc2 a6 8. Qxc4
b5 9. Qc2 Bb7 10. Bd2 Nc6 11. e3 Nb4 12. Bxb4 Bxb4 13. a3 Bd6 14. Nbd2 Rc8 15.
b4 a5 1/2-1/2

[Event "Asuncion ABC Color"]
[Site "Asuncion"]
[Date "2013.01.26"]
[Round "2"]
[White "Kropff, Ricardo"]
[Black "Delgado Ramirez, Neuris"]
[Result "0-1"]
[WhiteElo "2213"]
[BlackElo "2574"]
[PlyCount "72"]
[EventDate "2013.01.25"]
[EventType "tourn"]
[EventRounds "9"]
[EventCountry "PAR"]
[EventCategory "6"]
[SourceTitle "CBM 152 Extra"]
[Source "ChessBase"]
[SourceDate "2013.02.25"]
[SourceVersion "1"]
[SourceVersionDate "2013.02.25"]
[SourceQuality "1"]

1. d4 Nf6 2. c4 e6 3. g3 Bb4+ 4. Bd2 Be7 5. Bg2 O-O 6. Nf3 c5 7. O-O cxd4 8.
Nxd4 Nc6 9. Bf4 Nxd4 10. Qxd4 d6 11. Qd3 Ng4 12. Qb3 Rb8 13. Nc3 g5 14. Bd2 Bd7
15. Rac1 a6 16. h3 Ne5 17. Be3 Bc6 18. Rfd1 Bxg2 19. Kxg2 Qc7 20. Ne4 Qc6 21.
f3 h6 22. Bd4 Nd7 23. Qd3 Rbd8 24. b3 f5 25. Nf2 Rf7 26. Bb2 Nf8 27. g4 Ng6 28.
Qe3 Bf8 29. Kh2 Re8 30. Rc2 d5 31. Rdc1 d4 32. Qd3 Rd8 33. gxf5 exf5 34. Kh1
Nf4 35. Qd1 Re7 36. Rd2 Rxe2 0-1

[Event "Asuncion ABC Color"]
[Site "Asuncion"]
[Date "2013.01.27"]
[Round "3"]
[White "Delgado Ramirez, Neuris"]
[Black "Latorre Lopez Moreira, Luis Matias"]
[Result "1-0"]
[WhiteElo "2574"]
[BlackElo "2265"]
[PlyCount "77"]
[EventDate "2013.01.25"]
[EventType "tourn"]
[EventRounds "9"]
[EventCountry "PAR"]
[EventCategory "6"]
[SourceTitle "CBM 152 Extra"]
[Source "ChessBase"]
[SourceDate "2013.02.25"]
[SourceVersion "1"]
[SourceVersionDate "2013.02.25"]
[SourceQuality "1"]

1. e4 e6 2. d4 d5 3. Nd2 Nf6 4. e5 Nfd7 5. Bd3 c5 6. c3 Nc6 7. Ne2 cxd4 8. cxd4
Nb6 9. O-O Bd7 10. Nf3 Nb4 11. Bg5 Be7 12. Bxe7 Qxe7 13. Bb1 Bb5 14. Re1 Bxe2
15. Rxe2 O-O-O 16. a3 Nc6 17. Bd3 Kb8 18. Rc2 Rc8 19. b4 Rc7 20. Qd2 Rhc8 21.
b5 Nd8 22. Rxc7 Rxc7 23. Bxh7 g6 24. h4 Qe8 25. h5 gxh5 26. Bd3 Qh8 27. a4 f6
28. a5 Nd7 29. b6 Rc8 30. Bb5 Nc6 31. a6 Nxb6 32. axb7 Kxb7 33. Ba6+ Kb8 34.
Bxc8 Kxc8 35. Qc2 Kb7 36. Qg6 fxe5 37. Qf7+ Kb8 38. Nxe5 Nxe5 39. Qxa7+ 1-0

[Event "Asuncion ABC Color"]
[Site "Asuncion"]
[Date "2013.01.28"]
[Round "4"]
[White "Vasquez Schroder, Rodrigo Rafael"]
[Black "Delgado Ramirez, Neuris"]
[Result "1/2-1/2"]
[WhiteElo "2543"]
[BlackElo "2574"]
[PlyCount "99"]
[EventDate "2013.01.25"]
[EventType "tourn"]
[EventRounds "9"]
[EventCountry "PAR"]
[EventCategory "6"]
[SourceTitle "CBM 152 Extra"]
[Source "ChessBase"]
[SourceDate "2013.02.25"]
[SourceVersion "1"]
[SourceVersionDate "2013.02.25"]
[SourceQuality "1"]

1. d4 Nf6 2. Nf3 e6 3. e3 c5 4. Bd3 Nc6 5. O-O d5 6. b3 Be7 7. Bb2 O-O 8. c4
dxc4 9. bxc4 b6 10. a3 Ba6 11. Qe2 Rc8 12. Rd1 Na5 13. Nbd2 Re8 14. Ne5 Bd6 15.
f4 Qe7 16. Ndf3 h6 17. g4 Nd7 18. g5 cxd4 19. gxh6 Bxe5 20. fxe5 Bxc4 21. exd4
Nf8 22. Qg2 g6 23. Be4 Bd5 24. Bxd5 exd5 25. Bc1 Nh7 26. Rb1 Rc4 27. h4 Rec8
28. h5 Rc2 29. Qg4 R8c6 30. Nh4 g5 31. Nf5 Qd8 32. Bd2 Nc4 33. Bb4 Re6 34. Qf3
a5 35. Bd6 Nxd6 36. Nxd6 Rxd6 37. exd6 Qxd6 38. Rbc1 Rxc1 39. Rxc1 Qxh6 40. Rc7
Nf6 41. Rc6 Kg7 42. Qf5 b5 43. Kf1 b4 44. axb4 axb4 45. Ke1 b3 46. Rb6 g4 47.
Ke2 b2 48. Qe5 b1=Q 49. Rxb1 Qxh5 50. Rb6 1/2-1/2

[Event "Asuncion ABC Color"]
[Site "Asuncion"]
[Date "2013.01.29"]
[Round "5"]
[White "Delgado Ramirez, Neuris"]
[Black "Vazquez, Guillermo"]
[Result "1/2-1/2"]
[WhiteElo "2574"]
[BlackElo "2350"]
[PlyCount "65"]
[EventDate "2013.01.25"]
[EventType "tourn"]
[EventRounds "9"]
[EventCountry "PAR"]
[EventCategory "6"]
[SourceTitle "CBM 152 Extra"]
[Source "ChessBase"]
[SourceDate "2013.02.25"]
[SourceVersion "1"]
[SourceVersionDate "2013.02.25"]
[SourceQuality "1"]

1. e4 c5 2. Nf3 e6 3. Nc3 Nc6 4. Bb5 Nge7 5. O-O Ng6 6. Bxc6 bxc6 7. d3 Be7 8.
Ne1 e5 9. Ne2 O-O 10. Ng3 d6 11. c4 Bg5 12. Nc2 Bxc1 13. Rxc1 Nf4 14. Ne2 Nxe2+
15. Qxe2 f5 16. exf5 Bxf5 17. Ne3 Bg6 18. Nd1 Qd7 19. Nc3 Rf7 20. Ne4 Raf8 21.
a3 a5 22. Qd2 Qc7 23. b4 axb4 24. axb4 cxb4 25. Qxb4 c5 26. Qd2 Bxe4 27. dxe4
Qc6 28. f3 Rb7 29. Rfd1 Rb6 30. Rc3 Qa4 31. Qd5+ Kh8 32. Rcd3 h6 33. R3d2
1/2-1/2

[Event "Asuncion ABC Color"]
[Site "Asuncion"]
[Date "2013.01.30"]
[Round "6"]
[White "Salinas Herrera, Pablo Patricio"]
[Black "Delgado Ramirez, Neuris"]
[Result "0-1"]
[WhiteElo "2386"]
[BlackElo "2574"]
[PlyCount "76"]
[EventDate "2013.01.25"]
[EventType "tourn"]
[EventRounds "9"]
[EventCountry "PAR"]
[EventCategory "6"]
[SourceTitle "CBM 152 Extra"]
[Source "ChessBase"]
[SourceDate "2013.02.25"]
[SourceVersion "1"]
[SourceVersionDate "2013.02.25"]
[SourceQuality "1"]

1. e4 c5 2. Nf3 d6 3. d4 cxd4 4. Nxd4 Nf6 5. Nc3 a6 6. Bg5 Nbd7 7. f4 g6 8. Qe2
Bg7 9. O-O-O Qa5 10. Nb3 Qc7 11. g3 Nb6 12. Bg2 Bg4 13. Bf3 Bxf3 14. Qxf3 Nfd7
15. Nd5 Nxd5 16. exd5 Rc8 17. Qe2 Nb6 18. Rhe1 O-O 19. Rd3 h6 20. Bh4 Rfe8 21.
Qd1 Nc4 22. c3 b5 23. Nd2 Nxd2 24. Kxd2 a5 25. Re4 Qb7 26. Qb3 Rc7 27. g4 a4
28. Qc2 Rc5 29. Kc1 a3 30. Qb3 axb2+ 31. Kxb2 Rec8 32. Rxe7 Qa6 33. Kb1 b4 34.
c4 Rxc4 35. Re1 Rc3 36. Rxc3 Rxc3 37. Qd1 b3 38. Re2 Rd3 0-1

[Event "Asuncion ABC Color"]
[Site "Asuncion"]
[Date "2013.01.31"]
[Round "7"]
[White "Delgado Ramirez, Neuris"]
[Black "Tristan, Leonardo"]
[Result "1-0"]
[WhiteElo "2574"]
[BlackElo "2454"]
[PlyCount "51"]
[EventDate "2013.01.25"]
[EventType "tourn"]
[EventRounds "9"]
[EventCountry "PAR"]
[EventCategory "6"]
[SourceTitle "CBM 152 Extra"]
[Source "ChessBase"]
[SourceDate "2013.02.25"]
[SourceVersion "1"]
[SourceVersionDate "2013.02.25"]
[SourceQuality "1"]

1. e4 c5 2. Nf3 Nc6 3. Bb5 g6 4. Bxc6 dxc6 5. d3 Bg7 6. h3 Nf6 7. Nc3 Nd7 8.
Be3 e5 9. Qd2 h6 10. O-O Qe7 11. Nh2 Nf8 12. f4 exf4 13. Rxf4 Ne6 14. Rf2 Nd4
15. Raf1 Be6 16. Ng4 f5 17. Nxh6 Qh4 18. Nxf5 gxf5 19. exf5 Nxf5 20. Rxf5 Bxf5
21. Rxf5 O-O-O 22. Ne4 Bd4 23. Bxd4 cxd4 24. Qa5 Rdg8 25. Rf7 Rxg2+ 26. Kf1 1-0

[Event "Asuncion ABC Color"]
[Site "Asuncion"]
[Date "2013.02.01"]
[Round "8.5"]
[White "Real de Azua, Ernesto"]
[Black "Delgado Ramirez, Neuris"]
[Result "1/2-1/2"]
[WhiteElo "2465"]
[BlackElo "2574"]
[PlyCount "82"]
[EventDate "2013.01.25"]
[EventType "tourn"]
[EventRounds "9"]
[EventCountry "PAR"]
[EventCategory "6"]
[SourceTitle "CBM 152 Extra"]
[Source "ChessBase"]
[SourceDate "2013.02.25"]
[SourceVersion "1"]
[SourceVersionDate "2013.02.25"]
[SourceQuality "1"]

1. d4 Nf6 2. c4 e6 3. Nf3 b6 4. g3 Ba6 5. Qc2 Bb4+ 6. Bd2 Bxd2+ 7. Nbxd2 c5 8.
e4 O-O 9. e5 Ne8 10. Bd3 f5 11. d5 g6 12. O-O-O Bb7 13. g4 Na6 14. a3 Ng7 15.
gxf5 exf5 16. h4 d6 17. e6 Nc7 18. Rdg1 Kh8 19. Ng5 Ncxe6 20. dxe6 Bxh1 21.
Rxh1 Qf6 22. Nf1 Nxe6 23. Nxe6 Qxe6 24. Ne3 f4 25. Nd5 Qe5 26. f3 Rf7 27. Be4
Rb8 28. Nc3 Qd4 29. Rd1 Qf6 30. Bd5 Rg7 31. Qf2 Re7 32. Ne4 Qe5 33. Qd2 b5 34.
cxb5 Rxb5 35. Bc4 Rb8 36. Nxd6 Qe3 37. Ne4 Qxf3 38. Qd6 Qe3+ 39. Rd2 Qe1+ 40.
Rd1 Qe3+ 41. Rd2 Qe1+ 1/2-1/2

[Event "Asuncion ABC Color"]
[Site "Asuncion"]
[Date "2013.02.02"]
[Round "9"]
[White "Delgado Ramirez, Neuris"]
[Black "Jimenez, Joaquin Rodrigo"]
[Result "1-0"]
[WhiteElo "2574"]
[BlackElo "2202"]
[PlyCount "85"]
[EventDate "2013.01.25"]
[EventType "tourn"]
[EventRounds "9"]
[EventCountry "PAR"]
[EventCategory "6"]
[SourceTitle "CBM 152 Extra"]
[Source "ChessBase"]
[SourceDate "2013.02.25"]
[SourceVersion "1"]
[SourceVersionDate "2013.02.25"]
[SourceQuality "1"]

1. e4 e5 2. Nf3 Nc6 3. d4 exd4 4. Nxd4 Nf6 5. Nc3 Bb4 6. Nxc6 bxc6 7. Bd3 d5 8.
exd5 cxd5 9. O-O O-O 10. h3 c6 11. Qf3 Rb8 12. Bf4 Bd6 13. b3 Rb4 14. Ne2 Bxf4
15. Nxf4 Qd6 16. c4 a5 17. Rfd1 a4 18. Bc2 axb3 19. Bxb3 d4 20. c5 Qc7 21. Nd3
Rb8 22. Re1 Bd7 23. Ne5 Rbe8 24. Qf4 Be6 25. Qxd4 Bd5 26. Bxd5 Nxd5 27. a4 Re6
28. Nc4 Rg6 29. Nd6 f5 30. Re5 f4 31. Rae1 h6 32. Qd3 Rxd6 33. cxd6 Qxd6 34.
Re8 Rxe8 35. Rxe8+ Kf7 36. Re4 Qf6 37. Qd4 Qxd4 38. Rxd4 Ke6 39. a5 Kd6 40. a6
Kc7 41. a7 Kb7 42. Ra4 Ka8 43. Rc4 1-0

[Event "Sao Paulo Braga Memorial 2nd"]
[Site "Sao Paulo"]
[Date "2013.07.05"]
[Round "1"]
[White "Araujo, Renan Aparecido"]
[Black "Delgado Ramirez, Neuris"]
[Result "0-1"]
[WhiteElo "1901"]
[BlackElo "2583"]
[PlyCount "66"]
[EventDate "2013.07.05"]
[EventType "swiss"]
[EventRounds "9"]
[EventCountry "BRA"]
[SourceTitle "CBM 155 Extra"]
[Source "ChessBase"]
[SourceDate "2013.08.26"]
[SourceVersion "1"]
[SourceVersionDate "2013.08.26"]
[SourceQuality "1"]

1. e4 c5 2. Nf3 d6 3. d4 cxd4 4. Nxd4 Nf6 5. Nc3 a6 6. Be2 e5 7. Nb3 Be7 8. a4
O-O 9. O-O Nc6 10. Be3 Be6 11. f4 Nb4 12. Bf3 exf4 13. Bxf4 Nxc2 14. Qxc2 Qb6+
15. Nd4 Qxd4+ 16. Kh1 Rac8 17. a5 Nd7 18. Rfd1 Qc5 19. Qd2 Ne5 20. Rac1 Nc4 21.
Qe2 Qb4 22. Rc2 Nxa5 23. Bd2 Qb3 24. Rdc1 Nc6 25. Nd5 Bxd5 26. Rc3 Nd4 27. Qd3
Rxc3 28. Rxc3 Qxb2 29. Rc7 Nc6 30. exd5 Qa1+ 31. Bc1 Qxc1+ 32. Qd1 Qxd1+ 33.
Bxd1 Bd8 0-1

[Event "Sao Paulo Braga Memorial 2nd"]
[Site "Sao Paulo"]
[Date "2013.07.06"]
[Round "2"]
[White "Delgado Ramirez, Neuris"]
[Black "Gotz, Klaus Seiji Furucho"]
[Result "1-0"]
[WhiteElo "2583"]
[BlackElo "2097"]
[PlyCount "77"]
[EventDate "2013.07.05"]
[EventType "swiss"]
[EventRounds "9"]
[EventCountry "BRA"]
[SourceTitle "CBM 155 Extra"]
[Source "ChessBase"]
[SourceDate "2013.08.26"]
[SourceVersion "1"]
[SourceVersionDate "2013.08.26"]
[SourceQuality "1"]

1. d4 Nf6 2. Bg5 Ne4 3. h4 c5 4. dxc5 Qa5+ 5. Nd2 Nxg5 6. hxg5 Qxc5 7. Ngf3 g6
8. c3 Bg7 9. Rh4 Nc6 10. e3 d5 11. Qa4 e5 12. e4 Be6 13. exd5 Bxd5 14. Bc4
O-O-O 15. Ne4 Qb6 16. Bxd5 Rxd5 17. Qb3 Qxb3 18. axb3 h5 19. Nfd2 a6 20. Nc4
Kc7 21. Ne3 Rdd8 22. Rh3 Ne7 23. Rf3 Rhf8 24. Ke2 Nc8 25. Ra4 Nd6 26. Nxd6 Rxd6
27. Re4 Kd7 28. Nc4 Re6 29. Rd3+ Kc7 30. Ne3 Rd8 31. Rc4+ Rc6 32. Nd5+ Kb8 33.
Ne7 Rcd6 34. Rxd6 Rxd6 35. Rc8+ Ka7 36. Rg8 Re6 37. Nd5 Rd6 38. c4 f6 39. gxf6
1-0

[Event "Sao Paulo Braga Memorial 2nd"]
[Site "Sao Paulo"]
[Date "2013.07.07"]
[Round "3"]
[White "Sztokbant, Bernardo Vainzoff"]
[Black "Delgado Ramirez, Neuris"]
[Result "0-1"]
[WhiteElo "2185"]
[BlackElo "2583"]
[PlyCount "94"]
[EventDate "2013.07.05"]
[EventType "swiss"]
[EventRounds "9"]
[EventCountry "BRA"]
[SourceTitle "CBM 155 Extra"]
[Source "ChessBase"]
[SourceDate "2013.08.26"]
[SourceVersion "1"]
[SourceVersionDate "2013.08.26"]
[SourceQuality "1"]

1. e4 c5 2. Nf3 d6 3. d4 cxd4 4. Nxd4 Nf6 5. Nc3 a6 6. Be2 e5 7. Nb3 Be7 8. O-O
O-O 9. Be3 b6 10. f3 Bb7 11. Nd5 Nxd5 12. exd5 Bg5 13. Bf2 Nd7 14. c4 f5 15.
Bg3 Be3+ 16. Bf2 Bxf2+ 17. Rxf2 Nf6 18. f4 Ne4 19. Rf1 b5 20. Qe1 Qb6+ 21. Kh1
Rae8 22. Na5 b4 23. Nxb7 Qxb7 24. Bd3 Nc5 25. Bc2 exf4 26. Qh4 Re2 27. Rac1 g6
28. Qxf4 Qe7 29. Rf2 Rxf2 30. Qxf2 Qe5 31. Rb1 Re8 32. Kg1 a5 33. b3 Qc3 34.
Rf1 Qe5 35. Qd2 Kg7 36. h3 Nd7 37. Rf2 Nf6 38. Bd3 Qa1+ 39. Rf1 Qd4+ 40. Rf2
Re3 41. Bb1 Qe5 42. Bd3 h5 43. Kf1 Qd4 44. Rf3 Re5 45. Qc1 h4 46. Qd2 Ne4 47.
Qc1 Ng3+ 0-1